| 000 | 00661nam a22002057a 4500 | ||
|---|---|---|---|
| 005 | 20150623120410.0 | ||
| 010 | _aENG-113022 | ||
| 020 |
_a9789350355480 _c350.00 |
||
| 035 | _aEN-96554 | ||
| 037 | _bDBAD/PUB | ||
| 082 | _a347.5409 | ||
| 100 | _aSaharay, Madhusudan | ||
| 245 |
_aTextbook on arbitration and conciliation with alternative dispute resolution / _cby Madhusudan Saharay |
||
| 250 | _a3rd ed | ||
| 260 |
_aNew Delhi _bUniversal Law Publishing _c2015 |
||
| 270 |
_aA-58, G.T. Karnal Road Industrial Area _bNew Delhi _e110033 |
||
| 300 |
_alii,303p. _c24cm(pbk) |
||
| 500 | _aIncludes index | ||
| 942 |
_2ddc _cEN _mSAH _h347.5409 |
||
| 999 |
_c93546 _d93546 |
||